000 00873nab a2200265 4500
003 BR-BrBNA
005 20240526162418.0
008 240526b bl.||||| |||| 00| 0 por d
040 _aBR-BrBNA
_bpor
072 _aH20 ; H01
_b4120
100 _aCottas, Mauro Picinato
245 _aManejo da alternária com uso de comet
_bFitossanidade
500 _a10 illus.; 2 tables
650 _aCITRICULTURA
650 _aPOMAR
650 _aTANGERINA
650 _aMANCHA DE ALTERNÁRIA
650 _aDOENÇA DE PLANTA
650 _aDOENÇA FÚNGICA
650 _aCONTROLE QUÍMICO
650 _aFUNGICIDA
773 0 _04769
_9314629
_dBebedouro - SP Grupo Técnico de Assistência e Consultoria em Citrus 2001
_o2024-0881
_tCiência e Pratica (Brazil)
_gv. 6(22) p. 8-10; (Jul-Sep 2006)
_wBR2024001217
942 _cAnalítica
999 _c299773
_d299773